000 00632 a2200145 4500
005 20250613142008.0
020 _a81-219-2885-0
082 _a658.72 BHA
100 _aBHATTACHARYYA, S. K.
245 _aLogistics Management : Definition, Dimension and Functional Applications
260 _aNew Delhi,
_bS. Chand & Company Ltd,
_c2010.
300 _a416P.: Ill.; figure, picture, table.
_bIndex,
_c24cm.
856 _yAccess online book
_fLogistics Management : Definition, Dimension and Functional Applications
_dwww.schandgroup.com
942 _2ddc
_cBKS
999 _c3051
_d3051